[Event "Montreal op"]
[Site "Montreal"]
[Date "2005.07.15"]
[Round "1"]
[White "Chabot, Jean Francois"]
[Black "Forget, David"]
[Result "0-1"]
[WhiteElo "1953"]
[BlackElo "1912"]
[PlyCount "64"]
[EventDate "2005.07.15"]
[EventType "swiss"]
[EventRounds "9"]
[EventCountry "CAN"]
[SourceTitle "EXT 2007"]
[Source "ChessBase"]
[SourceDate "2006.11.23"]
[SourceVersion "1"]
[SourceVersionDate "2006.11.23"]
[SourceQuality "1"]

1. d4 d5 2. c4 c6 3. Nf3 dxc4 4. Nc3 e6 5. a4 Bb4 6. e3 b5 7. Bd2 Nf6 8. b3 Bxc3 9. Bxc3 Ne4 10. Qc2 Nxc3 11. Qxc3 a5 12. bxc4 b4 13. Qb2 0-0 14. Be2 Nd7 15. c5 Ba6 16. 0-0 Nf6 17. Ne5 Bxe2 18. Qxe2 Qd5 19. f3 Nd7 20. Nc4 e5 21. Rfd1 Qe6 22. Qd3 exd4 23. Qxd4 Rfd8 24. Nd6 Nf6 25. e4 Ne8 26. e5 Nc7 27. f4 Nd5 28. f5 Qe7 29. Re1 Nc3 30. e6 fxe6 31. Rxe6 Qxe6 32. Qxc3 Qxd6 0-1

[Event "Thetford Mines Groupe Commerce"]
[Site "Thetford Mines"]
[Date "1993.07.03"]
[Round "4"]
[White "Chabot, Jean Francois"]
[Black "Tremblay, Sylvain"]
[Result "1/2-1/2"]
[WhiteElo "1945"]
[BlackElo "2141"]
[PlyCount "62"]
[EventDate "1993.07.02"]
[EventType "swiss"]
[EventRounds "5"]
[EventCountry "CAN"]
[SourceTitle "EXT 2022"]
[Source "ChessBase"]
[SourceDate "2021.10.06"]
[SourceVersion "1"]
[SourceVersionDate "2021.10.06"]
[SourceQuality "1"]

1. d4 Nf6 2. c4 e6 3. g3 d5 4. Nf3 Be7 5. Nc3 0-0 6. Bg2 dxc4 7. Ne5 c5 8. d5 exd5 9. Nxd5 Nxd5 10. Qxd5 Qb6 11. 0-0 Na6 12. Nxc4 Qf6 13. Bd2 Be6 14. Qe4 Rad8 15. Bc3 Qh6 16. Na5 Rd7 17. Nxb7 Nb4 18. Bxb4 cxb4 19. Rad1 Rxd1 20. Rxd1 Rc8 21. Na5 Rc1 22. Qa8+ Bf8 23. Qd8 Qf6 24. Qd2 Rxd1+ 25. Qxd1 Qxb2 26. Bd5 Bxd5 27. Qxd5 Qxe2 28. Nc6 a6 29. Ne5 h6 30. Qxf7+ Kh7 31. Qg6+ Kg8 1/2-1/2

[Event "Quebec-ch U20"]
[Site "Montreal"]
[Date "1993.02.27"]
[Round "4"]
[White "Chabot, Jean Francois"]
[Black "Glass, Martin"]
[Result "1/2-1/2"]
[WhiteElo "1947"]
[BlackElo "2082"]
[PlyCount "81"]
[EventDate "1993.02.25"]
[EventType "tourn"]
[EventRounds "7"]
[EventCountry "CAN"]
[SourceTitle "EXT 2022"]
[Source "ChessBase"]
[SourceDate "2021.10.06"]
[SourceVersion "1"]
[SourceVersionDate "2021.10.06"]
[SourceQuality "1"]

1. d4 g6 2. c4 Bg7 3. g3 c5 4. Nf3 Qa5+ 5. Bd2 Qa6 6. Bc3 Qxc4 7. e4 Qe6 8. Ng5 Qb6 9. dxc5 Bxc3+ 10. Nxc3 Qxc5 11. Nd5 Qd6 12. Qd4 f6 13. Qc4 fxg5 14. Qxc8+ Kf7 15. Qc4 e6 16. Nc7 Nc6 17. Nxa8 Nf6 18. Bg2 Rxa8 19. 0-0 g4 20. Qc3 e5 21. Qc4+ Qe6 22. Rac1 Rc8 23. f4 gxf3 24. Rxf3 Qxc4 25. Rxc4 Ke7 26. b4 b5 27. Rc5 Nxe4 28. Rxb5 Nd6 29. Rc5 Rb8 30. Re3 Rxb4 31. Bxc6 dxc6 32. Rcxe5+ Kd8 33. Rd3 Kd7 34. Re2 c5 35. Red2 Rb6 36. Rd5 Rc6 37. Kf1 Ke6 38. R5d3 h5 39. Ra3 a6 40. h3 Nf5 41. Kf2 1/2-1/2